[Event "Wloclawek-ch"]
[Site "Wloclawek"]
[Date "2020.??.??"]
[Round "7"]
[White "Waligorska, Tamara"]
[Black "Stepniak, Stanislaw"]
[Result "1/2-1/2"]
[WhiteElo "1250"]
[BlackElo "1426"]
[PlyCount "132"]
[EventDate "2020.09.??"]
[EventType "swiss"]
[EventRounds "7"]
[EventCountry "POL"]
[SourceTitle "EXT 2021"]
[Source "ChessBase"]
[SourceDate "2020.10.23"]
[SourceVersion "1"]
[SourceVersionDate "2020.10.23"]
[SourceQuality "1"]

1. d4 d5 2. c4 c6 3. Nc3 Nf6 4. Nf3 e6 5. Bg5 Be7 6. e3 0-0 7. cxd5 exd5 8. h3 Bf5 9. Bd3 Bxd3 10. Qxd3 Ne4 11. Bxe7 Qxe7 12. 0-0 Nd7 13. Nd2 Ndf6 14. Ndxe4 Nxe4 15. Nxe4 dxe4 16. Qb3 Kh8 17. Rac1 Rfe8 18. Rc3 Rad8 19. Qa3 Qc7 20. Rd1 a6 21. d5 Qd7 22. Rd4 cxd5 23. Rc5 Re5 24. Qa5 Qd6 25. Qc7 Qf6 26. Qxb7 Rf5 27. Rcxd5 Rfxd5 28. Rxd5 Re8 29. Rd7 Kg8 30. Rd4 Qe6 31. Qd7 Qe5 32. a4 Rb8 33. Qd8+ Qe8 34. Qxe8+ Rxe8 35. b4 f5 36. Kf1 Re6 37. Ke2 Kf7 38. Kd2 Rc6 39. f3 exf3 40. gxf3 Ke7 41. Kd3 g5 42. b5 axb5 43. axb5 Rc5 44. Rb4 h5 45. b6 Rc8 46. Kd4 g4 47. fxg4 fxg4 48. hxg4 h4 49. b7 Rb8 50. Kd5 Kd7 51. g5 h3 52. Rh4 Rxb7 53. Rxh3 Rb5+ 54. Ke4 Rxg5 55. Kf4 Ra5 56. Rh6 Ke7 57. e4 Kf7 58. Rd6 Rh5 59. e5 Ke7 60. Ke4 Rh1 61. Rd3 Ke6 62. Re3 Rh4+ 63. Kd3 Rh5 64. Kd4 Rh4+ 65. Re4 Rh1 66. Kc5 Rc1+ 1/2-1/2

[Event "Wloclawek-ch"]
[Site "Wloclawek"]
[Date "2019.??.??"]
[Round "1"]
[White "Muzalewski, Slawomir"]
[Black "Waligorska, Tamara"]
[Result "1-0"]
[WhiteElo "1437"]
[BlackElo "1100"]
[PlyCount "71"]
[EventDate "2019.09.??"]
[EventType "swiss"]
[EventRounds "9"]
[EventCountry "POL"]
[SourceTitle "EXT 2021"]
[Source "ChessBase"]
[SourceDate "2020.10.23"]
[SourceVersion "1"]
[SourceVersionDate "2020.10.23"]
[SourceQuality "1"]

1. e4 c6 2. Bc4 d5 3. exd5 cxd5 4. Bb3 e5 5. Qh5 Bd6 6. Bxd5 g6 7. Qf3 Nf6 8. Bxb7 Bxb7 9. Qxb7 Nbd7 10. Nc3 0-0 11. Nge2 Qa5 12. 0-0 Rab8 13. Qc6 Rb6 14. Qf3 Re8 15. d3 Bc7 16. b3 Rbe6 17. Bd2 Qb6 18. Ng3 Nc5 19. Rfe1 e4 20. Ngxe4 Ncxe4 21. Nxe4 Nxe4 22. Rxe4 Rxe4 23. dxe4 Qd6 24. Qg3 Qd4 25. Qc3 Rxe4 26. Qxd4 Rxd4 27. Be3 Rd7 28. g3 Be5 29. Re1 a6 30. Bh6 Re7 31. Kg2 f6 32. Bf4 Kf7 33. Bxe5 fxe5 34. Rd1 Re6 35. Rd7+ Kg8 36. Kf3 1-0

[Event "Wloclawek-ch"]
[Site "Wloclawek"]
[Date "2019.??.??"]
[Round "7"]
[White "Waligorska, Tamara"]
[Black "Sliwa, Krzysztof"]
[Result "0-1"]
[WhiteElo "1100"]
[BlackElo "1110"]
[PlyCount "72"]
[EventDate "2019.09.??"]
[EventType "swiss"]
[EventRounds "9"]
[EventCountry "POL"]
[SourceTitle "EXT 2021"]
[Source "ChessBase"]
[SourceDate "2020.10.23"]
[SourceVersion "1"]
[SourceVersionDate "2020.10.23"]
[SourceQuality "1"]

1. e4 e5 2. Nf3 Nc6 3. Bb5 a6 4. Ba4 Nf6 5. d3 d6 6. c3 Bg4 7. Nbd2 b5 8. Bc2 Be7 9. h3 Bh5 10. 0-0 0-0 11. Re1 Qd7 12. Nb3 a5 13. a4 b4 14. Bg5 h6 15. Bxf6 Bxf6 16. g4 Bg6 17. Qd2 Rfe8 18. Kh2 Bh7 19. g5 hxg5 20. Nxg5 Bxg5 21. Qxg5 Qe7 22. Qg3 Qf6 23. Rg1 Qh6 24. Raf1 Re6 25. f4 Rg6 26. Qf2 Rxg1 27. Rxg1 Qxf4+ 28. Qxf4 exf4 29. Bd1 Ne5 30. Nc1 c5 31. cxb4 cxb4 32. b3 Rc8 33. Be2 f3 34. d4 fxe2 35. dxe5 dxe5 36. Nxe2 Bxe4 0-1